000 00278nam a22001337a 4500
008 210429b ||||| |||| 00| 0 eng d
041 _aeng
080 _a591
082 _a591
100 _a7
101 _aZOO
245 _aAnimal Behavior
_cNiko Tinbergen
942 _2udc
_cBK
999 _c56979
_d56979